000 00794cam a2200205 4500
001 WB3918-17
008 030513n2003 000 0 eng u
035 _a(Sirsi) u122257
245 _aEU crop production initiative
260 _c2003
490 _aFarmers' Weekly
_v138(19) 9 May 2003, 53(1)
520 _aA new EU initiative involving all member states is underway to find solutions for crop protection, particularly for minor crop producers. The move follows the demise of pesticide approvals in Europe and the UK. DEFRA is planning a website to chart the initiative's progress and to encourage industry feedback.
590 _aWB
650 _aEUROPE
650 _aFARMING
650 _aCROPS
650 _aPESTICIDES
690 _aRURAL-AGRICULTURE AND FORESTRY
942 _n0
999 _c72660
_d72660